Historia de la Dictadura y la revolución de 1891. Tomo primero
Bewaard in:
| Hoofdauteurs: | , |
|---|---|
| Formaat: | Boek |
| Taal: | Spaans |
| Gepubliceerd in: |
Valparaíso
Imprenta de la Librería del Mercurio. de R. S. Tornero. Las Heras, 29 C
1891
|
| Editie: | 1a. ed |
| Onderwerpen: | |
| Tags: |
Voeg label toe
Geen labels, Wees de eerste die dit record labelt!
|
MARC
| LEADER | 00000nam a2200000 a 4500 | ||
|---|---|---|---|
| 001 | UCJ4679 | ||
| 003 | CL-VaPUC | ||
| 008 | 070124e18910000CL |||||||||||||||||spa|d | ||
| 082 | 0 | 4 | |a 983 |b EGA |2 21 |
| 100 | 0 | |a Egaña, Rafael |e author |9 506654 | |
| 700 | 0 | |a Jacobo Edén |e author |9 508812 | |
| 245 | 1 | 0 | |a Historia de la Dictadura y la revolución de 1891. Tomo primero |
| 250 | |a 1a. ed | ||
| 300 | |a 250 p | ||
| 942 | |c BK | ||
| 945 | |d 20070124 00:00:00 |a rinostro | ||
| 260 | |a Valparaíso |b Imprenta de la Librería del Mercurio. de R. S. Tornero. Las Heras, 29 C |c 1891 | ||
| 500 | |a En biblioteca, sólo vol. 1 | ||
| 600 | 0 | |a Balmaceda Fernández, José Manuel, |d 1840-1891 |9 315369 | |
| 650 | 0 | |a Presidentes de Chile |9 268293 | |
| 650 | 7 | |a GUERRA CIVIL DE 1891 |2 CL-VaPUC |9 408173 | |
| 650 | 0 | |a Poder legislativo |9 258808 | |
| 650 | 0 | |a Fuentes Históricas |9 265141 | |
| 650 | 0 | |a Historia de Chile |9 265473 | |
| 583 | |a last modification |c 20070124 00:00:00 |k Rodrigo Vera | ||
| 999 | |c 320795 |d 320793 | ||
| 952 | |0 0 |1 0 |4 0 |6 983_000000000000000_EGA_1891 |7 0 |8 X |9 399393 |a FDOBUD |b FDOBUD |d 2019-11-22 |i 1023357 |o 983 EGA 1891 |p 1023357 |r 2019-11-22 |w 2019-11-22 |y BK_X |k BUD | ||